000 01078nam a22002537a 4500
003 PE SENCICO BE
005 20251020182622.0
008 221219b |||||||| |||| 00| 0 eng d
020 _a978-607-707-041-2
040 _aPE SENCICO BE
_cPE SENCICO BE
041 _aspa
082 _a461.52
_bP19
100 1 _9304
_aPalacio Rivera, Jesús
_eautor
245 1 _aOrtografía :
_bmanual práctico para escribir mejor /
_cJesús Palacio Rivera
250 _a1a ed.
260 _aMéxico, D. F. :
_bAlfaomega ;
_c2010
300 _axv, 222 p. :
_c23 cm.
505 0 _aLa acentuación -- La puntuación -- Ortografía de las letras -- Ortografía y gramática.
520 3 _aReúne todas las variantes de doble escritura o doble pronunciación de muchos vocablos en español y multitud de palabras extranjeras, sobre todo procedente del inglés y del francés, que hemos admitido en nuestra habla en los últimos años.
650 1 0 _aLengua española
_9222
650 2 0 _aOrtografía
_93079
910 _bhfp
_chfp
942 _2ddc
_cLIB
_h461.52
_iP19
999 _c3703
_d3703